000 00570nam a2200169 4500
001 123381
003 ES-MaACL
005 20240523063035.0
007 t|
008 070214s1930 sp r ||||1| spa d
100 1 _aQuevedo, Francisco de,
_d1580-1645
_994591
245 1 0 _aPolĂ­tica de dios y gobierno de cristo
_b: sacada de la Sagrada Escritura para acierto de rey y reino de sus acciones /
_cFrancisco de Quevedo.
260 _aMadrid :
_bLa Rafa,
_c1930.
300 _a256 p. :
_bil. ;
_c23 cm.
852 _aES-MaACL
_jB-3459
999 _c123381
_d123381